000 00503nam a22001697a 4500
008 160910b xxu||||| |||| 00| 0 eng d
020 _a1-57676-034-0
082 _22000
_aDC 005.1
_bG11
100 _914375
_aGaddis, Ton
245 _aStarting out with C++/
_cTony Gaddis.
250 _a2nd edition
260 _aCalifornia:
_bScott Jones Pub.,
_cc2000.
300 _axviii, 1164 pages;
_c23 cm.
500 _aIncludes index.
650 0 _914377
_aC (Computer program language)
942 _2ddc
_cDC
999 _c4456
_d4456